000 01588nam a22003017a 4500
001 8712
003 FISKH
005 20251013143211.0
008 251013b cb ||||| |||| 00| 0 eng d
020 _a9789995088828
040 _aFISKH
_bkhr
_cFISKH
_dFISKH
082 _a398.209596
100 _aSotheary, Kimsun
245 _aកូនទីទុយដ៏សែនឆ្លាត :
_bThe wise owlet
_cអ្នកស្រី គឹមស៊ុន សុធារី
260 _aPhnom Penh :
_bReading Books ,
_c2007.
300 _a28 pages :
_bcolor illustrations ;
_c25 cm.
490 _aពិភពរឿងនិទាន
505 _aK
520 _aកូនទីទុយចូលចិត្តសួរសំនួរទៅឩ៏ពុកម្តាយពួកគេ ដោយមិនអាចឆ្លើយសំនួរទៀតបានឧ៏ពុកម្តាយរបស់កូនទីទុយក៏នាំគេអោយទៅជួបជីតាដើម្បីអោយជីតាជួយឆ្លើយ ។
520 _aOwlet liked to ask questions to his parents, but they could no longer answer them. So his parents brought him to see his grandfather, hoping he could help answer the questions.
521 8 _a510
_bLexile estimate
521 8 _aK
_bRaz-Plus
650 _aកូនទីទុយដ៏សែនឆ្លាត​
_vរឿងនិទានកុមារ
650 _aThe wise owlet
_vChildren's Stories
700 _aBora, Hong
_eIllustrator
942 _2ddc
_cKHB
_n0
999 _c8712
_d8712